| 000 -LEADER |
| fixed length control field |
02438cam a22003374a 4500 |
| 001 - CONTROL NUMBER |
| control field |
12495016 |
| 003 - CONTROL NUMBER IDENTIFIER |
| control field |
OSt |
| 005 - DATE AND TIME OF LATEST TRANSACTION |
| control field |
20170131123526.0 |
| 008 - FIXED-LENGTH DATA ELEMENTS--GENERAL INFORMATION |
| fixed length control field |
010806s2002 ne af b 001 0 eng |
| 010 ## - LIBRARY OF CONGRESS CONTROL NUMBER |
| LC control number |
2001043354 |
| 020 ## - INTERNATIONAL STANDARD BOOK NUMBER |
| International Standard Book Number |
9004115889 (alk. paper) |
| 040 ## - CATALOGING SOURCE |
| Original cataloging agency |
DLC |
| Transcribing agency |
DLC |
| Modifying agency |
DLC |
| 042 ## - AUTHENTICATION CODE |
| Authentication code |
pcc |
| 043 ## - GEOGRAPHIC AREA CODE |
| Geographic area code |
e------ |
| 050 00 - LIBRARY OF CONGRESS CALL NUMBER |
| Classification number |
N9100 |
| Item number |
.A78 2002 |
| 082 00 - DEWEY DECIMAL CLASSIFICATION NUMBER |
| Classification number |
704.9/4935502 |
| Edition number |
21 |
| 245 00 - TITLE STATEMENT |
| Title |
Artful armies, beautiful battles : |
| Remainder of title |
art and warfare in early modern Europe / |
| Statement of responsibility, etc. |
edited by Pia Cuneo. |
| 260 ## - PUBLICATION, DISTRIBUTION, ETC. (IMPRINT) |
| Place of publication, distribution, etc. |
Leiden ; |
| -- |
Boston : |
| Name of publisher, distributor, etc. |
Brill, |
| Date of publication, distribution, etc. |
2002. |
| 300 ## - PHYSICAL DESCRIPTION |
| Extent |
xii, 266 p. [30] p. of plates : |
| Other physical details |
ill. ; |
| Dimensions |
25 cm. |
| 440 #0 - SERIES STATEMENT/ADDED ENTRY--TITLE |
| Title |
History of warfare, |
| International Standard Serial Number |
0928-0731 ; |
| Volume/sequential designation |
v. 9 |
| 504 ## - BIBLIOGRAPHY, ETC. NOTE |
| Bibliography, etc |
Includes bibliographical references (p. [235]-248) and indexes. |
| 505 0# - FORMATTED CONTENTS NOTE |
| Formatted contents note |
Military science, history, and art / Guy Wilson -- Warfare and artistic production in the German lands during the Thirty Years War (1618-48) / Sigrun Haude -- Shining armor : Emperor Maximilian, chivalry, and war / Larry Silver -- Images of warfare as political legitimization : Jörg Breu the Elder's rondels for Maximilian I's hunting lodge at Lermos (ca. 1516) / Pia F. Cuneo -- Giogio Vasari's and Niccolò Machiavelli's Medicean emblams of war and peace in the portrait of Duke Alessandro de Medici / Liana de Girolami Cheney -- Seventeenth-century French images of warfare / Julie Anne Plax -- Soldiers and gypsies : outsiders and their families in early sixteenth century German art / R. Andrew Morrall -- Remembering Amalek and Nebuchadnezzar : biblical warfare and symbolic violence in two images in Italian Renaissance Yiddish books of customs / Diane Wolfthal -- Battling fortune in sixteenth-century Italy : Cellini and the changing faces of Fortuna / Gwendolyn Trottein. |
| 650 #0 - SUBJECT ADDED ENTRY--TOPICAL TERM |
| Topical term or geographic name as entry element |
Art and war. |
| 650 #0 - SUBJECT ADDED ENTRY--TOPICAL TERM |
| Topical term or geographic name as entry element |
War in art. |
| 650 #0 - SUBJECT ADDED ENTRY--TOPICAL TERM |
| Topical term or geographic name as entry element |
Art, European |
| Chronological subdivision |
16th century. |
| 650 #0 - SUBJECT ADDED ENTRY--TOPICAL TERM |
| Topical term or geographic name as entry element |
Art, European |
| Chronological subdivision |
17th century. |
| 700 1# - ADDED ENTRY--PERSONAL NAME |
| Personal name |
Cuneo, Pia F. |
| 856 41 - ELECTRONIC LOCATION AND ACCESS |
| Materials specified |
Table of Contents |
| Uniform Resource Identifier |
<a href="http://www.loc.gov/catdir/toc/fy02/2001043354.html">http://www.loc.gov/catdir/toc/fy02/2001043354.html</a> |
| 906 ## - LOCAL DATA ELEMENT F, LDF (RLIN) |
| a |
7 |
| b |
cbc |
| c |
orignew |
| d |
1 |
| e |
ocip |
| f |
20 |
| g |
y-gencatlg |
| 942 ## - ADDED ENTRY ELEMENTS (KOHA) |
| Source of classification or shelving scheme |
|
| Koha item type |
Hard Covered Materials |
| Classification part |
N 9100 .A78 2001 |